| 000 | 00865nam a2200217 i 4500 | ||
|---|---|---|---|
| 001 | 185886 | ||
| 003 | ES-MaACL | ||
| 005 | 20230906222535.0 | ||
| 008 | 160819s1949 sp |||| | spa d | ||
| 100 | 0 |
_aRauta, Aurelio. _995558 |
|
| 245 | 1 | 0 |
_aBases jurídicas y sociales de la propiedad agraria en Rumania / _cAurel Rauta. |
| 260 |
_aSalamanca : _bAsociación Hispano-Rumana, _c1949. |
||
| 300 |
_a25 p. ; _c22 cm. |
||
| 490 | 1 |
_aCuadernos hispano-rumanos ; _v3 |
|
| 500 | _a"El texto de este cuaderno contiene una conferencia pronunciada en la Universidad de Salamanca el día 3 de marzo de 1949, en la "Semana Jurídica Rumana" | ||
| 650 | 4 |
_aPropiedad rústica- _zRumanía. _9160507 |
|
| 710 | 2 |
_aAsociación Hispano-Rumana (Salamanca) _9160502 |
|
| 830 | 0 |
_aCuadernos hispano-rumanos ; _v3 _9192425 |
|
| 852 |
_aES-MaACL _jE-4349 |
||
| 999 |
_c185886 _d185886 |
||